The James Bond Novels (10 of 12): On Her Majesty’s Secret Service - Statistics

General Stats
  • This quiz has been taken 8 times
  • The average score is 13 of 20
Answer Stats
Question Answer % Correct
What has Blofeld removed to strengthen his claim to be the de Bleuville heir? His {earlobes}
100%
What was nationality of Bond’s father? Scottish
100%
How is Contessa Teresa di Vicenzo known, to her friends? Tracy
100%
What is discovered to be the family motto of Sir Thomas Bond? Orbis non sufficit (“The World Is Not Enough")
88%
What was the nationality of Bond’s mother? Swiss
88%
It is located in which European country? Switzerland
88%
The novel is now considered the second book in which trilogy? The {Blofeld} Trilogy
88%
What is the name of her father? Marc-Ange Draco
75%
Who replaces Loelia Ponsonby as secretary to the 00-section? Mary Goodnight
75%
What is the name of Blofeld’s mountaintop base? Piz Gloria
75%
Bond poses as which representative of the College of Arms? Sir Hilary Bray
75%
What is the name of Blofeld’s female assistant? Irma Bunt
63%
What name is given to the operation to track down Blofeld? Operation {Bedlam}
50%
On which date does Bond get married? 1st January 1963
38%
What is the name of M’s house, which Bond visits? Quarterdeck
38%
Which real-life film star is mentioned in the novel? Ursula Andress
38%
Whose grave does Bond visit? Vesper Lynd’s
38%
Which former crew member now serves as M’s valet? Chief Petty Officer {Hammond}
25%
What is the name of the fellow agent captured by Blofeld? Shaun Campbell
13%
He rings the bell of which ship, M’s last command? HMS {Repulse}
0%
No matching quizzes found
Score Distribution
Percent of People with Each Score
Percentile by Number Answered
Your Score History
You have not taken this quiz